000 00338 a2200121 4500
020 _a9788120417120
082 _a628.3 RAO
100 _aRao, M. N.
245 _aWaste water Treatment
_cM. N. Rao, A. K. Datta
250 _a3rd ed
260 _aNew Delhi :
_bOxford and IBH Publishing,
_c2007
300 _axii, 388p. :
_bill. ;
_c23 cm
650 _aWaste Water Treatment
999 _c1712
_d1712